000 00299nam a22001097a 4500
008 140526t xxu||||| |||| 00| 0 eng d
020 _a0-471-42362-9
100 _aMike Brewster
_9905
245 _aUnaccountable
_bHow the accounting profession forfeited a public trust
300 _a328
942 _2ddc
_cBK
999 _c17143
_d17143